| 000 | 00660nam a2200229Ia 4500 | ||
|---|---|---|---|
| 003 | OSt | ||
| 005 | 20220926032732.0 | ||
| 006 | a|||||r|||| 00| 0 | ||
| 007 | ta | ||
| 008 | 220923b |||||||| |||| 00| 0 eng d | ||
| 037 | _cGeneral Book | ||
| 040 |
_aRTL _cRTL _beng |
||
| 041 |
_2eng _aeng |
||
| 082 | _aX91.6.N9, N8 | ||
| 245 | 0 | _aMicroeconomies and structural adjustment in Africa | |
| 260 |
_aTokyo _bJICA _c1998 |
||
| 300 |
_a275p _ccm. |
||
| 490 | _aFoundation for Advances Studies on International Development | ||
| 650 |
_aSmall Scale Industry _9231464 |
||
| 942 |
_hX91.6.N9, N8 _cGB _2CC |
||
| 999 |
_c655517 _d655517 |
||